| 000 | 00345nam a22001337a 4500 | ||
|---|---|---|---|
| 008 | 250403b |||||||| |||| 00| 0 eng d | ||
| 020 | _a0080259537 | ||
| 050 |
_aHE308 _b.P47 |
||
| 100 | _aPERRY James L. | ||
| 245 | _aLabour Management Relations and Public Agency Effectiveness | ||
| 260 |
_aUSA _bNIL _c1980 |
||
| 300 | _axii, 193p. | ||
| 942 | _cBK | ||
| 999 |
_c2834 _d2834 |
||